Nová daňová soustava. 2.
Od 1.1.1993 vstupujú do platnosti vedľa "federálnych" aj dane "republikové". Ide o dane zo stavieb a pozemkov, cestné dane v ČR. Charakteristika týchto daní.
Guardado en:
| Formato: | Capítulo de libro |
|---|---|
| Lenguaje: | checo |
| Materias: | |
| Etiquetas: |
Sin Etiquetas, Sea el primero en etiquetar este registro!
|
MARC
| LEADER | 00000naa a2200000 4500 | ||
|---|---|---|---|
| 001 | r007638 | ||
| 005 | 20220831083849.9 | ||
| 041 | 0 | |a cze | |
| 044 | |a [CS] | ||
| 245 | 1 | 0 | |a Nová daňová soustava. 2. |
| 520 | |a Od 1.1.1993 vstupujú do platnosti vedľa "federálnych" aj dane "republikové". Ide o dane zo stavieb a pozemkov, cestné dane v ČR. Charakteristika týchto daní. | ||
| 610 | 2 | 0 | |a sústava daňová |
| 610 | 2 | 0 | |a 1993 |
| 610 | 2 | 0 | |a predpisy právne |
| 610 | 2 | 0 | |a Čechy |
| 610 | 2 | 0 | |a dane |